000
00161nam a2200073Ia 4500
008
170620s9999 xx 000 0 und d
100
_a
M h siddiqui
245
0
_a
EDU PSYCHOLOGY PB
260
_b
NA
999
_c
26096
_d
26096